Guess the 2000s Artists by Their Most Popular Song - Statistics

General Stats
  • This quiz has been taken 135 times
  • The average score is 15 of 20
Answer Stats
Hint Answer % Correct
Umbrella Rihanna
97%
Hips Don't Lie Shakira
96%
Toxic Britney Spears
89%
Viva la Vida Coldplay
89%
Lose Yourself Eminem
89%
Crazy in Love Beyoncé
85%
In Da Club 50 Cent
81%
I Gotta Feeling The Black Eyed Peas
81%
SexyBack Justin Timberlake
80%
Just Dance Lady Gaga
76%
Since U Been Gone Kelly Clarkson
73%
Gold Digger Kanye West
72%
Hey Ya! OutKast
72%
Yeah! Usher
70%
Hot in Herre Nelly
69%
Boulevard of Broken Dreams Green Day
66%
In the End Linkin Park
62%
Promiscuous Nelly Furtado
49%
No One Alicia Keys
39%
We Belong Together Mariah Carey
27%
No matching quizzes found
Score Distribution
Percent of People with Each Score
Percentile by Number Answered
Your Score History
You have not taken this quiz